000 00542cam a22001577a 4500
008 180718b2014 xxu||||| |||| 00| 0 eng d
020 _a9781783505159
082 _aI513 L314
245 _aFollowership : what is it and why do people follow ?
_cedited by Laurent M. Lapierre and Melissa K. Carsten
260 _aIndia
_bEmerald
_c2014
300 _a173p.
650 _aLeadership
650 _aOrganizational effectiveness -- Social aspects
650 _aFollowership -- Social aspects
700 _aLapierre, Laurent and Carsten, Melissa K.
999 _c445670
_d445670